Estadísticas para Municipios de Málaga (Click Map Quiz)

Haz click aquí para intentar la prueba.

Estadísticas generales

  • Esta prueba ha sido intentada 207 veces
  • La puntuación promedio es 27 de 102

Respuestas en el mapa

Las respuestas están codificadas por una escala verde-roja en el mapa de la prueba según el % correcto abajo.
 

Estadísticas de respuestas

Respuesta% Correcto
Málaga
74%
Marbella
67%
Nerja
66%
Fuengirola
59%
Vélez-Málaga
58%
Torremolinos
56%
Mijas
54%
Ronda
53%
Benalmádena
49%
Antequera
48%
Estepona
48%
Manilva
46%
Torrox
46%
Alhaurín el Grande
40%
Frigiliana
40%
Rincón de la Victoria
39%
Algarrobo
38%
Alhaurín de la Torre
38%
Casares
38%
Álora
36%
Ojén
36%
Cortes de la Frontera
35%
Cártama
34%
Benahavís
33%
Coín
33%
Arriate
31%
Cómpeta
31%
Alameda
30%
Gaucín
29%
Alfarnatejo
28%
Alfarnate
27%
Archidona
27%
Campillos
27%
Istán
27%
Pizarra
27%
Sierra de Yeguas
27%
Canillas de Aceituno
26%
Casabermeja
26%
Periana
26%
Monda
25%
Teba
25%
Almargen
24%
Alcaucín
23%
Almogía
23%
Ardales
23%
Arenas
23%
Cañete la Real
23%
Canillas de Albaida
23%
Mollina
23%
Sayalonga
23%
Villanueva del Trabuco
23%
Colmenar
22%
Cuevas de San Marcos
22%
Valle de Abdalajís
22%
Villanueva de la Concepción
22%
Cuevas Bajas
21%
Cuevas del Becerro
21%
Fuente de Piedra
21%
Tolox
21%
Viñuela
21%
Carratraca
20%
El Burgo
20%
Humilladero
20%
Salares
20%
Sedella
20%
Totalán
20%
Villanueva del Rosario
20%
Yunquera
20%
Árchez
19%
Casarabonela
19%
Guaro
19%
Montejaque
19%
Alozaina
18%
Alpandeire
18%
Júzcar
18%
Villanueva de Algaidas
18%
Villanueva de Tapia
18%
Jimera de Líbar
17%
Riogordo
17%
Benalauría
16%
Benaoján
16%
Benarrabá
16%
Comares
16%
El Borge
16%
Genalguacil
16%
Jubrique
16%
Algatocín
15%
Almáchar
15%
Benadalid
15%
Benamargosa
15%
Benamocarra
15%
Cútar
15%
Igualeja
15%
Parauta
15%
Faraján
14%
Iznate
13%
Pujerra
13%
Macharaviaya
12%
Moclinejo
12%
Atajate
10%
Cartajima
10%
Serrato
8%

Distribución de puntuación

Porcentaje por número respondido

Porcentaje de gente con cada puntuación

Historial de tus puntuaciones

No has intentado esta prueba.